| 000 | 00849nam a22002417a 4500 | ||
|---|---|---|---|
| 999 |
_c11462 _d11462 |
||
| 003 | AR-CdUCM | ||
| 008 | 190404b ||||| |||| 00| 0 spa d | ||
| 040 |
_aMUNICIPALIDAD PROVINCIAL DEL CUSCO _cBIBLIOTECA MUNICIPAL DEL CUSCO |
||
| 041 | _heng | ||
| 082 |
_a190.25 / _bH744 / 1956 |
||
| 100 |
_aHollitscher, Walter _928836 |
||
| 245 | _aIntroducción al psicoanálisis / | ||
| 260 |
_aBuenos Aires : _bPaidós, _c1956. |
||
| 300 |
_a159 páginas ; _c18 cm. |
||
| 500 | _aLibro en mal estado. | ||
| 505 | _aContenido: Lo inconsciente -- Los instintos -- El instinto sexual -- La moralidad sexual civilizada y la nerviosidad moderna -- La angustia ... | ||
| 650 |
_aPsicología _91538 |
||
| 650 |
_aPsicoanálisis _916757 |
||
| 650 |
_aSociología _9276 |
||
| 700 |
_aGermani, Gino (traductor) _928837 |
||
| 942 |
_2ddc _cLIBROS |
||
| 945 | _acmm | ||